| 000 | 00438nam a2200121Ia 4500 | ||
|---|---|---|---|
| 008 | 200922s9999 xx 000 0 und d | ||
| 100 | _aRodriguez, Agustin Martin | ||
| 245 |
_cAgustin Martin G. Rodriguez, Ara Marie Leal Rodriguez _aGender and society: _bthe whys of women, their oppressions and paths to liberation/ |
||
| 260 |
_aManila: _bC and E Publishing _c2019 |
||
| 300 |
_axiii, 314 pages _c22 cm. |
||
| 650 | _aMen | ||
| 650 | _aWomen | ||
| 999 |
_c364426 _d364426 |
||